"Kalkık Horoz" (Record no. 8069)

MARC details
000 -BAŞLIK
Sabit Uzunlukta Kontrol Alanı 00927na a2200313 4500
001 - KONTROL NUMARASI
Denetim Alanı 15855
003 - KONTROL NUMARASI IDENTIFIER
Denetim Alanı MIRAKIL
005 - SON İŞLEM TARİHİ VE ZAMANI
Denetim Alanı 20181213155158.0
008 - SABİT-BOY VERİ ELEMANLARI - GENEL BİLGİLER
Sabit Uzunlukta Kontrol Alanı 160925b tu 000 0
020 ## - ULUSLARARASI STANDART KİTAP NUMARASI
Uluslararası Standart Kitap Numarası 9754945713
035 ## - SİSTEM KONTROL NUMARASI
Sistem Kontrol Numarası 15855
040 ## - KATALOGLAMA KAYNAK
Orijinal Kataloglama Ajansı Milas
Kataloglama Dili tur
Metne Dönüştürmek Ajansı TR-AnCHP
082 ## - DEWEY ONLU SINIFLANDIRMA NUMARASI
Sınıflandırma Numarası 322.4209561
Ürün Numarası O62k 1996
090 ## - SINIFLAMA NUMARASI
Sınıflama Numarası 322.4209561 O62k 1996
100 ## - ANA GİRİŞ - KİŞİSEL İSİM
Kişisel Ad Oran, Baskın
245 ## - BAŞLIK TABLOSU
Başlık "Kalkık Horoz"
Başlığın Kalan Çekiç Güç ve Kürt devleti
Sorumluluk Tablosu, Vb Baskın Oran
246 ## - UNVAN FORM VARYING
Başlık Doğru / Kısa Başlığı Kalkık Horoz
246 ## - UNVAN FORM VARYING
Başlık Doğru / Kısa Başlığı Çekiç Güç ve Kürt devleti
260 ## - YAYIN, DAĞITIM, VB
Yayın, Dağıtım, Vb Yeri Ankara
Yayıncı, Dağıtıcı, Vs Adı Bilgi
Yayın, Dağıtım, Vb Tarihi 1996
300 ## - FİZİKSEL TANIM
Kapsam 276 s.
Boyutlar 20 sm.
490 ## - SERİSİ TABLOSU
Seri Beyanı Bilgi yayınları
Hacim / Ardışık Tanımı 62
490 ## - SERİSİ TABLOSU
Seri Beyanı Bilgi dizisi
Hacim / Ardışık Tanımı 7
504 ## - KAYNAKÇA VB NOT
Kaynakça Vb Notu Kaynakça ve dizin var.
650 ## - KONU KATMA GİRİŞ - TOPİKAL DÖNEM
Topikal Süreli Veya Coğrafi Ad Giriş Elemanı Kürtler
Genel Alt Bölümü Irak
Coğrafi Alt Bölümü Siyaset ve yönetim
651 ## - KONU KATMA GİRİŞ - COĞRAFİ ADI
Coğrafi İsim Türkiye
Genel Alt Bölümü Dış ilişkiler
651 ## - KONU KATMA GİRİŞ - COĞRAFİ ADI
Coğrafi İsim Irak
Genel Alt Bölümü Huzur Operasyonu
Kronolojik Alt Bölümü Çekiç Güç
651 ## - KONU KATMA GİRİŞ - COĞRAFİ ADI
Coğrafi İsim Irak
Genel Alt Bölümü Huzur Operasyonu
Kronolojik Alt Bölümü Kalkık Horoz
942 ## - EKLENDİ GİRİŞ ELEMANLARI (KOHA)
Sınıflandırma Veya Raf Düzeni Kaynak Dewey Decimal Classification
Koha Öğesi Türü Books
999 ## - SİSTEM KONTROL NUMARALARI (KOHA)
Koha Biblionumber 8069
Koha Biblioitemnumber 8069
Holdings
Kalıcı Konum Mevcut Konum Edinme Tarihi Edinim Kaynak Toplam Check-Out'Lar Tam Çağrı Numarası Barkod Tarih Son Görülme İtibaren Geçerli Fiyatlar Koha Öğesi Türü Sigara Kamu Notu
CHP Kütüphanesi CHP Kütüphanesi 09/25/2016 Bağış   322.4209561 O62k 1996 004191 09/25/2016 09/25/2016 Books  
Parti Okulu Kütüphanesi Parti Okulu Kütüphanesi 12/10/2021     322.4209561 O62k 1996 P00934 12/10/2021 12/10/2021 Books Emin Değer Bağışıdır.